[Event "Bois Gentil op"]
[Site "Geneve"]
[Date "2014.01.17"]
[Round "2"]
[White "Vuillermoz, Herve"]
[Black "Corbat, Philippe"]
[Result "1-0"]
[WhiteElo "1731"]
[BlackElo "1579"]
[PlyCount "43"]
[EventDate "2014.01.10"]
[EventType "swiss"]
[EventRounds "7"]
[EventCountry "SUI"]
[SourceTitle "CBM 158 Extra"]
[Source "ChessBase"]
[SourceDate "2014.02.28"]
[SourceVersion "1"]
[SourceVersionDate "2014.02.28"]
[SourceQuality "1"]

1. c4 e5 2. Nc3 Nf6 3. g3 Bc5 4. Bg2 Nc6 5. e3 d6 6. Nge2 0-0 7. 0-0 Be6 8. d4 exd4 9. exd4 Bxd4 10. Nxd4 Bxc4 11. Nxc6 bxc6 12. Bxc6 Bxf1 13. Bxa8 Qxa8 14. Qxf1 Qf3 15. Be3 Ng4 16. Bxa7 Re8 17. Re1 Re6 18. Rxe6 fxe6 19. Qb5 Qf7 20. Qb8+ Qf8 21. Qxc7 e5 22. Qc4+ 1-0